Fr. Conceicao Rodrigues College of Engineering

Programmers guide to the EGA/VGA (Record no. 32882)

MARC details
000 -LEADER
fixed length control field 00317nam a2200145Ia 4500
082 ## - DEWEY DECIMAL CLASSIFICATION NUMBER
Classification number 5.1
Item number SKT
100 ## - MAIN ENTRY--PERSONAL NAME
Personal name Sutt G/ Blair Steve
245 ## - TITLE STATEMENT
Title Programmers guide to the EGA/VGA
260 ## - PUBLICATION, DISTRIBUTION, ETC.
Name of publisher, distributor, etc. BPB Publication
Place of publication, distribution, etc. Delhi
Date of publication, distribution, etc. 1988
300 ## - PHYSICAL DESCRIPTION
Extent 512
546 ## - LANGUAGE NOTE
Language note ENGLISH
654 ## - SUBJECT ADDED ENTRY--FACETED TOPICAL TERMS
Focus term EGA/VGA
942 ## - ADDED ENTRY ELEMENTS (KOHA)
Koha item type BOOK
Holdings
Withdrawn status Lost status Damaged status Not for loan Collection Home library Current library Date acquired Total Checkouts Full call number Barcode Date last seen Date last checked out Price effective from Koha item type
        CRC Fr. Agnel's C.Rodrigues College of Engineering Fr. Agnel's C.Rodrigues College of Engineering 17/03/2023 1 5.1 SKT 10122 08/07/2024 04/12/2023 17/03/2023 BOOK